[Event "OGD Prinsenstad-toernooi - A groep"]
[Site "Delft"]
[Date "2010.04.03"]
[Round "4.4"]
[White "Nikolic, Pedrag"]
[Black "Von Meijenfeldt, Bart"]
[Result "1/2-1/2"]
[WhiteElo "2596"]
[BlackElo "2154"]
[Annotator "Prinsenstad-toernooi"]
[PlyCount "95"]
[EventDate "2010.04.02"]
[EventType "tourn"]
[EventRounds "6"]
[EventCountry "NED"]
[Source "DSC"]
[SourceDate "2010.02.04"]

1. d4 Nf6 2. Nf3 g6 3. g3 Bg7 4. Bg2 O-O 5. c4 d6 6. O-O Nc6 7. d5 Na5 8. Nfd2
c5 9. a3 Qc7 10. Qc2 Nd7 11. Ra2 Ne5 12. b3 b5 13. cxb5 Qb6 14. a4 a6 15. Na3
axb5 16. axb5 Bd7 $2 17. Bb2 Bxb5 18. Nxb5 Qxb5 19. Rfa1 $2 (19. f4 $1 Qxe2 20.
fxe5 Nxb3 21. Rxa8 Rxa8 22. Qxb3 Qxd2 23. exd6 exd6 24. Qb7 Rf8 25. Bc1 $16)
19... Qxe2 $1 20. h3 $6 Nxb3 21. Rxa8 Nxd2 22. Rxf8+ Bxf8 23. Qd1 Ndf3+ 24.
Bxf3 Nxf3+ 25. Kg2 Qxb2 (25... Nh4+ $1 26. gxh4 Qxb2 $15) 26. Kxf3 c4 27. Rb1
Qe5 28. Kg2 Qe4+ 29. Kg1 f5 30. Rb4 f4 31. gxf4 Qxf4 32. Qg4 Qxg4+ 33. hxg4 c3
34. Rc4 Bg7 35. Kg2 g5 36. Kf3 Kf7 37. Ke4 h6 38. Kf5 Bf6 39. f3 Be5 40. Ra4
Bf4 41. Rc4 Be5 42. Rc8 Bf6 43. Rc7 Be5 44. Rc4 Bf6 45. f4 gxf4 46. Rxf4 Bg5
47. Rc4 Bf6 48. Rc8 1/2-1/2

[Event "OGD Prinsenstad-toernooi - A groep"]
[Site "Delft"]
[Date "2010.04.03"]
[Round "4.5"]
[White "Van den Doel, Erik"]
[Black "Haslinger, Stewart"]
[Result "1/2-1/2"]
[WhiteElo "2573"]
[BlackElo "2548"]
[PlyCount "139"]
[EventDate "2010.04.02"]
[EventType "tourn"]
[EventRounds "6"]
[EventCountry "NED"]
[Source "DSC"]
[SourceDate "2010.02.04"]

1. e4 d6 2. d4 Nf6 3. Nc3 e5 4. Nf3 Nbd7 5. Bc4 Be7 6. O-O O-O 7. a4 c6 8. Re1
a5 9. b3 exd4 10. Nxd4 Nb6 11. Bf1 d5 12. e5 Ne8 13. Nce2 g6 14. Bh6 Ng7 15.
Nf4 Bg5 16. Bxg5 Qxg5 17. g3 Re8 18. h4 Qe7 19. Qd2 Bf5 20. h5 Bg4 21. h6 Ne6
22. Be2 Bxe2 23. Nfxe6 fxe6 24. Qxe2 Qg5 25. Qe3 Qxe3 26. Rxe3 Nd7 27. Nf3 Kf7
28. Ng5+ Ke7 29. Kg2 Rad8 30. Rh1 Rh8 31. Rf3 Rdf8 32. Rxf8 Nxf8 33. f4 Nd7 34.
Kf3 Nc5 35. Ke3 b6 36. c3 Na6 37. Re1 c5 38. Kf3 Kd7 39. Ke3 Ke7 40. Rd1 Nc7
41. Rd2 Na6 42. Kf3 Nb8 43. c4 d4 44. g4 Nc6 45. Ke4 Nd8 46. Rf2 Nf7 47. Nxf7
Kxf7 48. f5 gxf5+ 49. gxf5 Rd8 50. fxe6+ Kxe6 51. Rf6+ Ke7 52. Kd3 Rb8 53. Rc6
Rb7 54. Ke4 Rd7 55. Kd3 Rb7 56. Kd2 Kd7 57. Rf6 Ke7 58. Ke2 Rb8 59. Rc6 Rb7 60.
Kd3 Kd7 61. Rf6 Ke7 62. Rd6 Rb8 63. Ke4 Rd8 64. Rd5 Rd7 65. Kd3 Ke6 66. Ke4 Ke7
67. Kd3 Ke6 68. Ke4 Ke7 69. Kd3 Ke6 70. Ke4 1/2-1/2

[Event "OGD Prinsenstad-toernooi - A groep"]
[Site "Delft"]
[Date "2010.04.03"]
[Round "4.6"]
[White "Ootes, Lars"]
[Black "Vlam, Hora"]
[Result "1-0"]
[WhiteElo "2400"]
[BlackElo "2067"]
[PlyCount "65"]
[EventDate "2010.04.02"]
[EventType "tourn"]
[EventRounds "6"]
[EventCountry "NED"]
[Source "DSC"]
[SourceDate "2010.02.04"]

1. Nf3 Nf6 2. c4 g6 3. Nc3 Bg7 4. g3 c5 5. Bg2 Nc6 6. d4 cxd4 7. Nxd4 Nxd4 8.
Qxd4 O-O 9. O-O d6 10. Qd3 a6 11. Bg5 Rb8 12. Rfd1 Be6 13. b3 Qa5 14. Qd2 Rfc8
15. Rab1 h6 16. Be3 Ng4 17. Bd4 Bxd4 18. Qxd4 Qe5 19. a4 Qxd4 20. Rxd4 Nf6 21.
e4 a5 22. f4 Nd7 23. Rd3 f6 24. Re3 Nc5 25. Bf3 Rd8 26. Rb2 Bf7 27. Bd1 e5 28.
Rf2 Kg7 29. Bc2 Ne6 30. Ne2 Re8 31. Rd3 Rbd8 32. Rd2 exf4 33. gxf4 1-0

[Event "OGD Prinsenstad-toernooi - A groep"]
[Site "Delft"]
[Date "2010.04.03"]
[Round "4.8"]
[White "Goes, Sten"]
[Black "Van der Leij, Arjan"]
[Result "1-0"]
[WhiteElo "2067"]
[BlackElo "2022"]
[PlyCount "67"]
[EventDate "2010.04.02"]
[EventType "tourn"]
[EventRounds "6"]
[EventCountry "NED"]
[Source "DSC"]
[SourceDate "2010.02.04"]

1. e4 e6 2. d4 d5 3. e5 c5 4. c3 Nc6 5. Nf3 f6 6. Bd3 fxe5 7. Nxe5 Nxe5 8. dxe5
g6 9. Nd2 Qc7 10. Nf3 Bg7 11. Bf4 Ne7 12. O-O O-O 13. Qd2 Nc6 14. Rfe1 b6 15.
h4 Qf7 16. g3 c4 17. Bc2 Bb7 18. h5 d4 19. hxg6 hxg6 20. Be4 d3 21. Ng5 Qe8 22.
f3 Bh6 23. Qh2 Bxg5 24. Bxg5 Qf7 25. Bf6 Qh7 26. Qxh7+ Kxh7 27. Kg2 Rxf6 28.
exf6 Rf8 29. Bxc6 Bxc6 30. Rxe6 Ba8 31. Rh1+ Kg8 32. Re7 Rxf6 33. Re8+ Rf8 34.
Rh8+ 1-0

[Event "OGD Prinsenstad-toernooi - A groep"]
[Site "Delft"]
[Date "2010.04.03"]
[Round "4.10"]
[White "Admiraal, Miguoel"]
[Black "Ootes, Lennart"]
[Result "1-0"]
[WhiteElo "2235"]
[BlackElo "2088"]
[PlyCount "60"]
[EventDate "2010.04.02"]
[EventType "tourn"]
[EventRounds "6"]
[EventCountry "NED"]
[Source "DSC"]
[SourceDate "2010.02.04"]

1. e4 e5 2. Nf3 d6 3. d4 exd4 4. Nxd4 Nf6 5. Nc3 Be7 6. Bf4 O-O 7. Qd2 d5 8.
Ndb5 Bb4 9. Nxc7 Nxe4 10. Qe3 Nxc3 11. bxc3 d4 12. Qc1 Bxc3+ 13. Kd1 Bxa1 14.
Qxa1 d3 15. cxd3 Na6 16. Nxa8 Be6 17. Be2 Qa5 18. Bd2 Qa4+ 19. Ke1 Rxa8 20. h4
Nc5 21. Kf1 Qxa2 22. Qxa2 Bxa2 23. Be3 b6 24. Kg1 a5 25. Kh2 a4 26. Bf3 Ra5 27.
d4 Nd7 28. Rc1 h6 29. Bd2 Ra7 30. Be4 g6 1-0

[Event "OGD Prinsenstad-toernooi - A groep"]
[Site "Delft"]
[Date "2010.04.04"]
[Round "5.1"]
[White "Fedorchuk, Sergey"]
[Black "Reinderman, Dimitri"]
[Result "1/2-1/2"]
[WhiteElo "2649"]
[BlackElo "2578"]
[PlyCount "49"]
[EventDate "2010.04.02"]
[EventType "tourn"]
[EventRounds "6"]
[EventCountry "NED"]
[Source "DSC"]
[SourceDate "2010.02.04"]

1. e4 c5 2. Nf3 Nc6 3. Bb5 g6 4. Bxc6 dxc6 5. d3 Bg7 6. h3 Nf6 7. Nc3 O-O 8.
Be3 b6 9. Qd2 e5 10. Bh6 Qd6 11. b3 a5 12. O-O Nh5 13. Na4 Qc7 14. Bxg7 Kxg7
15. c3 Ba6 16. Rfd1 Rad8 17. d4 cxd4 18. cxd4 Nf4 19. Qe3 Ne2+ 20. Kh1 exd4 21.
Nxd4 Nxd4 22. Rxd4 c5 23. Rdd1 Rfe8 24. Kg1 Bb5 25. Nc3 1/2-1/2

[Event "OGD Prinsenstad-toernooi - A groep"]
[Site "Delft"]
[Date "2010.04.04"]
[Round "5.2"]
[White "Ten Hagen, Yorick"]
[Black "Nikolic, Pedrag"]
[Result "0-1"]
[WhiteElo "2231"]
[BlackElo "2596"]
[PlyCount "164"]
[EventDate "2010.04.02"]
[EventType "tourn"]
[EventRounds "6"]
[EventCountry "NED"]
[Source "DSC"]
[SourceDate "2010.02.04"]

1. e4 e5 2. Nf3 Nc6 3. Bb5 a6 4. Ba4 Nf6 5. O-O Be7 6. Re1 b5 7. Bb3 d6 8. c3
Bg4 9. h3 Bh5 10. d3 O-O 11. Nbd2 Na5 12. Bc2 c5 13. Nf1 Ne8 14. Ng3 Bxf3 15.
Qxf3 Bg5 16. Rd1 Bxc1 17. Raxc1 Qf6 18. Qe2 Nc7 19. d4 exd4 20. cxd4 Nc6 21. e5
dxe5 22. dxe5 Qxe5 23. Qxe5 Nxe5 24. Be4 Ra7 25. Rxc5 Re8 26. f4 Ng6 27. Rd7
Ne6 28. Rxa7 Nxc5 29. Bxg6 hxg6 30. b4 Nd3 31. Rxa6 Re1+ 32. Kh2 Rb1 33. Ne4 f6
34. Nd6 Nxf4 35. a4 bxa4 36. b5 Nd5 37. Ra8+ Kh7 38. Rxa4 Nc3 39. Ra7 Nxb5 40.
Rb7 Nc3 41. Rxb1 Nxb1 42. Kg3 Nc3 43. Kf2 Kg8 44. g3 Kf8 45. Nc4 g5 46. Nd2 Ke7
47. Ke3 Ke6 48. Nf3 Nd1+ 49. Ke2 Nb2 50. Nd4+ Ke5 51. Nf3+ Ke4 52. Nd2+ Kd5 53.
Nf3 Nc4 54. Ne1 Ke4 55. Nd3 Ne5 56. Nf2+ Kd4 57. Nd1 f5 58. Ne3 Ke4 59. Nd1 Kd4
60. Ne3 g6 61. Nf1 f4 62. gxf4 gxf4 63. Nd2 Kd5 64. Nb3 Ke4 65. Nd2+ Kf5 66.
Kf2 Kg5 67. Kg2 Kh4 68. Ne4 f3+ 69. Kh2 Nf7 70. Kg1 Ng5 71. Nc3 Nxh3+ 72. Kh2
Nf2 73. Kg1 Nd3 74. Kh2 g5 75. Ne4 g4 76. Ng3 Kg5 77. Nf1 Kf4 78. Ng3 Ke3 79.
Kg1 Nc5 80. Nf1+ Kf4 81. Kh2 Ne4 82. Kh1 Ng3+ 0-1

[Event "OGD Prinsenstad-toernooi - A groep"]
[Site "Delft"]
[Date "2010.04.04"]
[Round "5.3"]
[White "Slingerland, Fred"]
[Black "Ootes, Lars"]
[Result "1-0"]
[WhiteElo "2385"]
[BlackElo "2400"]
[PlyCount "91"]
[EventDate "2010.04.02"]
[EventType "tourn"]
[EventRounds "6"]
[EventCountry "NED"]
[Source "DSC"]
[SourceDate "2010.02.04"]

1. e4 d6 2. d4 Nf6 3. Nc3 g6 4. f4 Bg7 5. a3 O-O 6. Nf3 c5 7. dxc5 Qa5 8. b4
Qd8 9. e5 dxe5 10. Nxe5 Ng4 11. Bb2 Nxe5 12. fxe5 Nc6 13. Bc4 Nxe5 14. Qxd8
Rxd8 15. Bb3 Bf5 16. Nd5 Be4 17. O-O-O e6 18. Nc7 Rxd1+ 19. Rxd1 Rc8 20. Nxe6
Bh6+ 21. Kb1 Nc6 22. g3 a5 23. b5 a4 24. Ba2 Na7 25. Rd8+ Rxd8 26. Nxd8 Kf8 27.
c6 b6 28. Nxf7 Be3 29. Nd6 Bf5 30. Be5 Ke7 31. Nxf5+ gxf5 32. Bc4 Bg1 33. h4
Bc5 34. Kb2 Bd6 35. Bxd6+ Kxd6 36. Kc3 Kc5 37. Bd3 h6 38. c7 Kd6 39. Kb4 Kxc7
40. Bxf5 Kd6 41. g4 Ke5 42. h5 Kf4 43. Kxa4 Ke5 44. Kb4 Kd5 45. c4+ Kd6 46. a4
1-0

[Event "OGD Prinsenstad-toernooi - A groep"]
[Site "Delft"]
[Date "2010.04.04"]
[Round "5.4"]
[White "Meng, Roger"]
[Black "Legemaat, Gert"]
[Result "1-0"]
[WhiteElo "2167"]
[BlackElo "2239"]
[PlyCount "72"]
[EventDate "2010.04.02"]
[EventType "tourn"]
[EventRounds "6"]
[EventCountry "NED"]
[Source "DSC"]
[SourceDate "2010.02.04"]

1. d4 d5 2. Nf3 Nc6 3. g3 Bg4 4. Bg2 Qd7 5. O-O Bh3 6. b4 Bxg2 7. Kxg2 e6 8. a3
Bd6 9. Nbd2 Nf6 10. c4 O-O 11. Qc2 e5 12. cxd5 Nxd4 13. Nxd4 exd4 14. Nf3 a5
15. Bb2 axb4 16. Bxd4 Nxd5 17. Ng5 f5 18. axb4 h6 19. Rxa8 Rxa8 20. e4 Nxb4 21.
Qc4+ Kf8 22. Ne6+ Ke7 23. Nxg7 fxe4 24. Re1 Qg4 25. Bc3 Qf3+ 26. Kg1 Rf8 27.
Rxe4+ Kd7 28. Re2 Kc8 29. Bxb4 Bxb4 30. Qxb4 Rd8 31. Qe1 Qf7 32. Ne6 Rg8 33.
Qa5 b6 34. Qa8+ Kd7 35. Qd5+ Kc8 36. Ra2 Rh8 1-0

[Event "OGD Prinsenstad-toernooi - A groep"]
[Site "Delft"]
[Date "2010.04.03"]
[Round "5.7"]
[White "Villwock, Martin"]
[Black "Kirana, Marco"]
[Result "0-1"]
[WhiteElo "2238"]
[BlackElo "2192"]
[PlyCount "54"]
[EventDate "2010.04.02"]
[EventType "tourn"]
[EventRounds "6"]
[EventCountry "NED"]
[Source "DSC"]
[SourceDate "2010.02.04"]

1. e4 c6 2. d4 d5 3. e5 Bf5 4. h4 h6 5. g4 Bh7 6. e6 f6 7. Rh3 Qd6 8. Re3 g5 9.
Nf3 h5 10. Bh3 hxg4 11. Bxg4 Bg6 12. h5 Bxh5 13. Ne5 Bxg4 14. Qxg4 fxe5 15.
dxe5 Qc5 16. Qf3 Qb4+ 17. Nc3 Qf4 18. Nxd5 cxd5 19. Qxd5 Rh4 20. Bd2 Qc4 21.
Qf3 Qxe6 22. O-O-O Nc6 23. Bc3 Qg4 24. e6 Qxf3 25. Rxf3 Rd8 26. Rd7 Bh6 27.
Rfd3 Re4 0-1

[Event "OGD Prinsenstad-toernooi - A groep"]
[Site "Delft"]
[Date "2010.04.04"]
[Round "6.1"]
[White "Nikolic, Pedrag"]
[Black "Fedorchuk, Sergey"]
[Result "1/2-1/2"]
[WhiteElo "2596"]
[BlackElo "2649"]
[PlyCount "141"]
[EventDate "2010.04.02"]
[EventType "tourn"]
[EventRounds "6"]
[EventCountry "NED"]
[Source "DSC"]
[SourceDate "2010.02.04"]
[TimeControl "6300"]

1. d4 Nf6 2. c4 e6 3. Nf3 Bb4+ 4. Bd2 Bxd2+ 5. Qxd2 d5 6. g3 c6 7. Qc2 b6 8.
Bg2 Ba6 9. Nbd2 O-O 10. O-O Nbd7 11. Rac1 Rc8 12. Rfd1 Qc7 13. e3 Qb8 14. b4 c5
15. dxc5 bxc5 16. b5 Bb7 17. a4 Nb6 18. Ne1 dxc4 19. Bxb7 Qxb7 20. Nxc4 Nxc4
21. Qxc4 Nd7 22. Nd3 h6 23. a5 Rb8 24. Rb1 Qc7 25. Ra1 Rb7 26. f4 Rfb8 27. Rdb1
Qd6 28. e4 e5 29. fxe5 Nxe5 30. Nxe5 Qxe5 31. Ra2 Rd8 32. Rc2 Rd4 33. Qxc5 Qxe4
34. Rf1 Rb4 35. b6 axb6 36. axb6 R4xb6 37. Qc8+ Kh7 38. Qf5+ Qxf5 39. Rxf5 g6
40. Rfc5 h5 41. h4 Kg7 42. Kg2 Rb3 43. R5c3 Rb1 44. Rc7 Rxc7 45. Rxc7 Rb2+ 46.
Kf3 Rb3+ 47. Kf4 Kf6 48. Rc6+ Ke7 49. Rc7+ Ke6 50. Rc6+ Kd7 51. Ra6 Rd3 52.
Ra7+ Ke6 53. Ra6+ Rd6 54. Ra7 Rd4+ 55. Ke3 Rd5 56. Ke4 Rd6 57. Ra8 Rb6 58. Ra5
Rb4+ 59. Kf3 Rd4 60. Ke3 Rd5 61. Ra7 f6 62. Ke4 Re5+ 63. Kf4 g5+ 64. hxg5 fxg5+
65. Kf3 g4+ 66. Kf4 Rf5+ 67. Ke4 Rf3 68. Ra5 Rxg3 69. Rxh5 Ra3 70. Kf4 Ra4+ 71.
Kg3 1/2-1/2

[Event "OGD Prinsenstad-toernooi - A groep"]
[Site "Delft"]
[Date "2010.04.04"]
[Round "6.2"]
[White "Reinderman, Dimitri"]
[Black "Meng, Roger"]
[Result "1-0"]
[WhiteElo "2578"]
[BlackElo "2167"]
[PlyCount "67"]
[EventDate "2010.04.02"]
[EventType "tourn"]
[EventRounds "6"]
[EventCountry "NED"]
[Source "DSC"]
[SourceDate "2010.02.04"]
[TimeControl "6300"]

1. c4 e5 2. g3 Nc6 3. Nc3 g6 4. Bg2 Bg7 5. e4 d6 6. Nge2 Nge7 7. d3 Be6 8. Nd5
Nd4 9. Nxd4 exd4 10. Bg5 Bxd5 11. cxd5 O-O 12. h4 h6 13. Bd2 Qe8 14. O-O Qb5
15. Qc2 c6 16. a4 Qb6 17. b4 cxd5 18. exd5 Rac8 19. Qb3 Rc7 20. Rfe1 Kh7 21.
Rab1 a6 22. Qd1 Ng8 23. h5 Nf6 24. hxg6+ fxg6 25. Re6 Rcf7 26. Bf4 Ne8 27. Qe2
Qd8 28. Re1 Nf6 29. Bxd6 Qd7 30. Bxf8 Bxf8 31. Qe5 Ng4 32. Qe4 Nxf2 33. Qxg6+
Kh8 34. Rf6 1-0

[Event "OGD Prinsenstad-toernooi - A groep"]
[Site "Delft"]
[Date "2010.04.04"]
[Round "6.3"]
[White "Goes, Sten"]
[Black "Slingerland, Fred"]
[Result "0-1"]
[WhiteElo "2067"]
[BlackElo "2385"]
[PlyCount "86"]
[EventDate "2010.04.02"]
[EventType "tourn"]
[EventRounds "6"]
[EventCountry "NED"]
[Source "DSC"]
[SourceDate "2010.02.04"]
[TimeControl "6300"]

1. e4 c5 2. Nf3 Nc6 3. d4 cxd4 4. Nxd4 Nf6 5. Nc3 d6 6. Bg5 e6 7. Qd2 a6 8.
O-O-O Bd7 9. f4 b5 10. e5 dxe5 11. Nxc6 Bxc6 12. Qxd8+ Rxd8 13. Rxd8+ Kxd8 14.
fxe5 h6 15. Bxf6+ gxf6 16. exf6 Rg8 17. Be2 Rxg2 18. Rd1+ Ke8 19. Bd3 Rxh2 20.
a4 b4 21. Ne2 Bxa4 22. Nd4 Bd7 23. Bxa6 Rf2 24. Rf1 Rxf1+ 25. Bxf1 Bd6 26. Nf3
Bc6 27. Nd4 Bd5 28. Bb5+ Kd8 29. c4 bxc3 30. bxc3 Be5 31. c4 Bb7 32. Nc6+ Bxc6
33. Bxc6 Bxf6 34. Kd2 Bd4 35. Kd3 Bc5 36. Ke4 Ke7 37. Kf4 f5 38. Ba4 Kf6 39.
Bc2 e5+ 40. Kf3 Kg5 41. Bb1 h5 42. Bc2 h4 43. Bb1 e4+ 0-1

[Event "OGD Prinsenstad-toernooi - A groep"]
[Site "Delft"]
[Date "2010.04.04"]
[Round "6.4"]
[White "Kirana, Marco"]
[Black "Van den Doel, Erik"]
[Result "1/2-1/2"]
[WhiteElo "2192"]
[BlackElo "2548"]
[PlyCount "45"]
[EventDate "2010.04.02"]
[EventType "tourn"]
[EventRounds "6"]
[EventCountry "NED"]
[Source "DSC"]
[SourceDate "2010.02.04"]

1. Nf3 Nf6 2. d4 e6 3. g3 d5 4. Bg2 Be7 5. O-O O-O 6. c4 dxc4 7. Qc2 a6 8. a4
Bd7 9. Ne5 Bc6 10. Nxc6 Nxc6 11. e3 Na5 12. Nd2 c5 13. dxc5 Rc8 14. b4 cxb3 15.
Nxb3 Nxb3 16. Qxb3 Nd7 17. Qxb7 Nxc5 18. Qb1 Rb8 19. Qa2 Bf6 20. Ba3 Bxa1 21.
Bxc5 Bf6 22. Bxf8 Qxf8 23. Qc4 1/2-1/2

[Event "OGD Prinsenstad-toernooi - B groep"]
[Site "Delft"]
[Date "2010.04.02"]
[Round "1.1"]
[White "Van Asseldonk, Paul"]
[Black "Van Dongen, Leo"]
[Result "1-0"]
[WhiteElo "1975"]
[BlackElo "1795"]
[PlyCount "67"]
[EventDate "2010.04.02"]
[EventType "team"]
[EventRounds "6"]
[EventCountry "NED"]
[Source "DSC"]
[SourceDate "2010.02.04"]

1. e4 e5 2. Nf3 Nc6 3. Bb5 a6 4. Bxc6 dxc6 5. b3 f6 6. Bb2 Be6 7. d4 Ne7 8.
dxe5 Qxd1+ 9. Kxd1 O-O-O+ 10. Nbd2 f5 11. Nd4 Bf7 12. Nxf5 Bg6 13. Ng3 h5 14.
h4 c5 15. f4 Be8 16. Ke2 Nc6 17. Nf3 Nb4 18. Rhc1 Bb5+ 19. c4 Bc6 20. Rc3 Bd7
21. f5 Be7 22. a3 Nc6 23. Rd3 Rhg8 24. Rad1 Nd4+ 25. Bxd4 cxd4 26. Rxd4 Bxa3
27. e6 Bc6 28. Rxd8+ Rxd8 29. Nxh5 Bxe4 30. Nxg7 Be7 31. Rxd8+ Kxd8 32. h5 Bf6
33. h6 Ke7 34. g4 1-0

[Event "OGD Prinsenstad-toernooi - B groep"]
[Site "Delft"]
[Date "2010.04.02"]
[Round "1.2"]
[White "De Freytas, Paul"]
[Black "Vesters, Melchior"]
[Result "0-1"]
[WhiteElo "1789"]
[BlackElo "1974"]
[PlyCount "54"]
[EventDate "2010.04.02"]
[EventType "team"]
[EventRounds "6"]
[EventCountry "NED"]
[Source "DSC"]
[SourceDate "2010.02.04"]

1. g3 g6 2. Bg2 Bg7 3. e4 e5 4. Ne2 Nc6 5. Nbc3 Nge7 6. d3 O-O 7. O-O Nd4 8.
Be3 d6 9. f4 Be6 10. Qd2 Qd7 11. Rf2 c6 12. Kh1 f5 13. fxe5 dxe5 14. Raf1 Rf7
15. a3 Raf8 16. Ng1 b6 17. Nf3 Nxf3 18. Rxf3 c5 19. R3f2 Nc6 20. exf5 gxf5 21.
Bf3 f4 22. gxf4 exf4 23. Bxc5 bxc5 24. Ne4 Bd4 25. Rg2+ Rg7 26. Rxg7+ Kxg7 27.
Nxc5 Bxc5 0-1

[Event "OGD Prinsenstad-toernooi - B groep"]
[Site "Delft"]
[Date "2010.04.02"]
[Round "1.3"]
[White "Holwijn, Melvin"]
[Black "Haver, Bas"]
[Result "0-1"]
[WhiteElo "1971"]
[BlackElo "1776"]
[PlyCount "80"]
[EventDate "2010.04.02"]
[EventType "team"]
[EventRounds "6"]
[EventCountry "NED"]
[Source "DSC"]
[SourceDate "2010.02.04"]

1. d4 d5 2. c4 c6 3. cxd5 cxd5 4. Nc3 Nf6 5. Nf3 Nc6 6. Bg5 e6 7. e3 Bb4 8. Qc2
O-O 9. Bd3 h6 10. Bh4 Bd7 11. O-O Rc8 12. Rac1 Bxc3 13. bxc3 Nb4 14. Qe2 Nxd3
15. Qxd3 Qa5 16. Qb1 Bb5 17. Rfe1 g5 18. Bg3 Ne4 19. Qb2 Ba6 20. Qb4 Qxa2 21.
Ne5 Kg7 22. Nd7 Rfe8 23. Be5+ f6 24. f3 Rc4 25. fxe4 Rxb4 26. Bxf6+ Kg6 27.
cxb4 Bb5 28. e5 Bxd7 29. Rc7 Qa4 30. Rec1 Rg8 31. Rxb7 Bb5 32. g4 Bc4 33. Re1
Qa3 34. h3 Qc3 35. Rf1 Bxf1 36. Kxf1 Qxe3 37. Kg2 Qxd4 38. Re7 Qb6 39. Rd7 d4
40. Rd6 Qxd6 0-1

[Event "OGD Prinsenstad-toernooi - B groep"]
[Site "Delft"]
[Date "2010.04.02"]
[Round "1.15"]
[White "Welch, Wayne"]
[Black "Roeleveld, Koos"]
[Result "0-1"]
[WhiteElo "1830"]
[BlackElo "1690"]
[PlyCount "56"]
[EventDate "2010.04.02"]
[EventType "team"]
[EventRounds "6"]
[EventCountry "NED"]
[Source "DSC"]
[SourceDate "2010.02.04"]

1. c4 Nf6 2. g3 e5 3. Bg2 Nc6 4. Nf3 d5 5. cxd5 Nxd5 6. O-O Be6 7. d3 Be7 8.
Nbd2 O-O 9. a3 f5 10. Nc4 Bf6 11. Bh3 Qe7 12. Bg5 e4 13. dxe4 fxe4 14. Bxe6+
Qxe6 15. Bxf6 exf3 16. e4 Nxf6 17. Rc1 Nxe4 18. Ne3 Rad8 19. Qa4 Nxf2 20. Qc4
Qxc4 21. Rxc4 Nh3+ 22. Kh1 Rd3 23. Nc2 Ne5 24. Re4 Ng4 25. Rxg4 Nf2+ 26. Kg1
Nxg4 27. Ne1 f2+ 28. Rxf2 Nxf2 0-1

[Event "OGD Prinsenstad-toernooi - B groep"]
[Site "Delft"]
[Date "2010.04.02"]
[Round "2.1"]
[White "Haver, Bas"]
[Black "Van Asseldonk, Paul"]
[Result "1-0"]
[WhiteElo "1776"]
[BlackElo "1975"]
[PlyCount "59"]
[EventDate "2010.04.02"]
[EventType "team"]
[EventRounds "6"]
[EventCountry "NED"]
[Source "DSC"]
[SourceDate "2010.02.04"]

1. e4 c5 2. Nc3 Nc6 3. g3 g6 4. Bg2 Bg7 5. f4 Rb8 6. Nf3 b5 7. d3 d6 8. O-O Nd4
9. h3 e6 10. g4 h5 11. g5 Ne7 12. Ne2 O-O 13. Ng3 b4 14. Kh1 d5 15. Nh4 dxe4
16. dxe4 Ba6 17. Re1 Nb5 18. e5 Na3 19. Qxd8 Rfxd8 20. bxa3 Nd5 21. Bxd5 exd5
22. Rb1 Bf8 23. f5 Rb6 24. e6 fxe6 25. Bf4 exf5 26. Bc7 Bd6 27. Bxd8 Bxg3 28.
Re8+ Kf7 29. Re7+ Kg8 30. Bxb6 1-0

[Event "OGD Prinsenstad-toernooi - B groep"]
[Site "Delft"]
[Date "2010.04.03"]
[Round "2.2"]
[White "Vesters, Melchior"]
[Black "Nicoll, Noah"]
[Result "1/2-1/2"]
[WhiteElo "1974"]
[BlackElo "1771"]
[PlyCount "45"]
[EventDate "2010.04.02"]
[EventType "team"]
[EventRounds "6"]
[EventCountry "NED"]
[Source "DSC"]
[SourceDate "2010.02.04"]

1. g3 d5 2. Bg2 Nf6 3. Nf3 e6 4. O-O c5 5. c4 Be7 6. cxd5 exd5 7. d4 O-O 8.
dxc5 Bxc5 9. Nbd2 Nc6 10. Nb3 Be7 11. Be3 Re8 12. Rc1 Be6 13. Nc5 Qc8 14. Nd4
Bh3 15. Qa4 Bxg2 16. Kxg2 Bxc5 17. Rxc5 Qg4 18. Qd1 Nxd4 19. Qxd4 Qxe2 20. Bg5
Qe4+ 21. Qxe4 Nxe4 22. Rxd5 Nxg5 23. Rxg5 1/2-1/2

[Event "OGD Prinsenstad-toernooi - B groep"]
[Site "Delft"]
[Date "2010.04.02"]
[Round "2.3"]
[White "Kunnen, Ruurd"]
[Black "Brokaar, Joey"]
[Result "1-0"]
[WhiteElo "1898"]
[BlackElo "1728"]
[PlyCount "47"]
[EventDate "2010.04.02"]
[EventType "team"]
[EventRounds "6"]
[EventCountry "NED"]
[Source "DSC"]
[SourceDate "2010.02.04"]

1. c4 b6 2. Nf3 Bb7 3. g3 e5 4. d3 f5 5. Bg2 Nf6 6. O-O Nc6 7. Nxe5 Nxe5 8.
Bxb7 Rb8 9. Bg2 h5 10. h4 Be7 11. Nc3 Nfg4 12. e4 Bxh4 13. gxh4 Qxh4 14. Bf4
Ng6 15. Bg3 Qd8 16. exf5 Nh4 17. Re1+ Kf8 18. Nd5 Nxg2 19. Kxg2 Qg5 20. Qc1
Qxf5 21. Qf4 Qxf4 22. Bxf4 a6 23. Nxc7 Rb7 24. Re8+ 1-0

[Event "OGD Prinsenstad-toernooi - B groep"]
[Site "Delft"]
[Date "2010.04.02"]
[Round "2.4"]
[White "Hill, Nick"]
[Black "Been, Klaas"]
[Result "1-0"]
[WhiteElo "1828"]
[BlackElo "1699"]
[PlyCount "57"]
[EventDate "2010.04.02"]
[EventType "team"]
[EventRounds "6"]
[EventCountry "NED"]
[Source "DSC"]
[SourceDate "2010.02.04"]

1. d4 d5 2. Nf3 Nf6 3. e3 e6 4. Bd3 c5 5. c3 Nbd7 6. Nbd2 Be7 7. O-O O-O 8. e4
dxe4 9. Nxe4 b6 10. Bg5 Bb7 11. Qc2 Bxe4 12. Bxe4 Nxe4 13. Bxe7 Qxe7 14. Qxe4
Nf6 15. Qe2 Rad8 16. Rfe1 cxd4 17. Nxd4 Qb7 18. Rad1 Rd5 19. Rd2 Rg5 20. Qf3
Qa6 21. a3 Rd8 22. Nxe6 Re8 23. Rd8 fxe6 24. Rxe8+ Nxe8 25. Rxe6 Qc8 26. Re7
Nf6 27. Rxa7 Rf5 28. Ra8 Rxf3 29. Rxc8+ 1-0

[Event "OGD Prinsenstad-toernooi - B groep"]
[Site "Delft"]
[Date "2010.04.02"]
[Round "2.5"]
[White "Van der Hoeven, Gerben"]
[Black "Karis, Paul"]
[Result "1-0"]
[WhiteElo "1712"]
[BlackElo "1811"]
[PlyCount "85"]
[EventDate "2010.04.02"]
[EventType "team"]
[EventRounds "6"]
[EventCountry "NED"]
[Source "DSC"]
[SourceDate "2010.02.04"]

1. Nf3 Nf6 2. c4 g6 3. d4 Bg7 4. Nc3 O-O 5. e4 d6 6. Be2 e5 7. dxe5 dxe5 8. O-O
c6 9. Bg5 Qc7 10. Qc2 a5 11. a3 Na6 12. h3 Nh5 13. Na4 c5 14. Nc3 Be6 15. Nd5
Bxd5 16. cxd5 Nf4 17. Rac1 Rfc8 18. Bb5 Qd6 19. Nd2 f6 20. Nc4 Qd8 21. Bxf4
exf4 22. Qd2 Nc7 23. a4 Nxb5 24. axb5 g5 25. d6 Rab8 26. Rfd1 b6 27. Qd5+ Kh8
28. d7 Rc7 29. Qe6 Bf8 30. Rd2 Qe7 31. Qd5 Qd8 32. Rcd1 Kg7 33. e5 Be7 34. e6
Kf8 35. Nd6 Kg7 36. Nf5+ Kf8 37. Nxe7 Qxe7 38. d8=Q+ Rxd8 39. Qxd8+ Qxd8 40.
Rxd8+ Ke7 41. R1d7+ Rxd7 42. Rxd7+ Kxe6 43. Rxh7 1-0

[Event "OGD Prinsenstad-toernooi - B groep"]
[Site "Delft"]
[Date "2010.04.03"]
[Round "3.1"]
[White "Kunnen, Ruurd"]
[Black "Haver, Bas"]
[Result "1-0"]
[WhiteElo "1898"]
[BlackElo "1776"]
[PlyCount "37"]
[EventDate "2010.04.02"]
[EventType "team"]
[EventRounds "6"]
[EventCountry "NED"]
[Source "DSC"]
[SourceDate "2010.02.04"]

1. c4 e5 2. g3 Nf6 3. Bg2 Bc5 4. Nc3 c6 5. Nf3 e4 6. Nh4 g5 7. Nf5 d5 8. Ne3 d4
9. Na4 dxe3 10. Nxc5 exf2+ 11. Kf1 Qd4 12. Nb3 Qxc4 13. d3 exd3 14. exd3 Qb5
15. Qe2+ Kf8 16. Nd4 Qb6 17. Qe5 Qb4 18. Bxg5 Nbd7 19. Bh6+ 1-0